Every driver that has finished on the podium on the 2025 F1 grid - Statistics

General Stats
  • This quiz has been taken 128 times
    74 since last reset
  • The average score is 11 of 12
Answer Stats
# of podiums Driver % Correct
202 L. Hamilton
100%
113 M. Verstappen
100%
43 C. Leclerc
97%
27 C. Sainz
97%
106 F. Alonso
97%
28 L. Norris
95%
3 E. Ocon
92%
17 G. Russell
92%
11 O. Piastri
92%
4 P. Gasly
92%
3 L. Stroll
87%
2 A. Albon
85%
No matching quizzes found
Score Distribution
Percent of People with Each Score
Percentile by Number Answered
Your Score History
You have not taken this quiz since the last reset